00389nam a2200157Ia 4500008004100000020001800041082001500059100002200074245002600096250000800122260002900130300001100159500002400170650001500194700002200209230524s9999 xx 000 0 und d a9788131505311 a174.4bHOF aK.Douglas Hoffman 0aMarketing of Services aIST aNEW DELHIbCengagec2009 aIX;417 aQuantity Number: 4 aManagement a John E.G.Bateson